000 00323nam a2200133Ia 4500
008 191201s2007 xx 000 0 und d
082 _a005.133
_bGIS
100 _aGILL, Nasib singh
245 0 _aSoftware Engineering
260 _aN.Delhi
_bKhanna Publisher
_c2007
300 _a-
650 _aB.Tech(IT)
942 _2ddc
_cBK
999 _c2823
_d2823